00763nam a2200217Ia 450000500170000000800410001702000180005808200150007610000340009124500400012525000180016530000640018365000460024765100420029365100380033526400490037333600270042233700330044933800280048204000350051020220317001536.0161108s2011 ck ao g 000 0 s  a978958449612604a986.1bJ681 aSantos Molano, Enriqued1942-13aLa joven Constitución de Colombia a1a. edición a224 páginasbilustraciones, fotografías en colorc32 cm142LEMBaConstitución PolíticavHistoria 4acolombiaxConstitucion politicay1991 4aConstitucion politica de colombia aBogotábCarlos Nicolás Hernándezc2011 atextobtxt2rdacontent asin mediaciónbn2rdamedia avolumenbnc2rdacarrier aCO-BoRNBPbspaerdacCO-BoRNBP